Herbal medicine / (رقم التسجيلة. 21851)

تفاصيل مارك
000 -الفاتح
حقل البيانات ثابتة الطول 01493cam a22003974a 4500
001 - رقم الضبط
رقم الضبط 11993397
003 - محدد رقم الضبط
رقم الضبط OSt
005 - وقت وتاريخ اخر تعامل مع التسجيلة
رقم الضبط 20150408114018.0
008 - عناصر البيانات ثابتة الطول - معلومات عامة
حقل البيانات ثابتة الطول 000502s2000 gw a bf 001|0 eng
010 ## - رقم ضبط مكتبة الكونجرس
رقم ضبط مكتبة الكونجرس 00034351
020 ## - الرقم الدولى المعيارى للكتب
الرقم الدولى المعيارى للكتاب 3131263326 (GTV)
020 ## - الرقم الدولى المعيارى للكتب
الرقم الدولى المعيارى للكتاب 0865779708 (TNY)
035 ## - رقم ضبط النظام
رقم ضبط النظام (DNLM)100954592
040 ## - مصدر الفهرسة
وكالة الفهرسة الأصلية DNLM/DLC
وكالة النسخ DLC
وكالة التعديل DLC
041 1# - رمز اللغة
رمز لغة النص/ المسارات الصوتية أو العنوان الانفرادي eng
رمز لغة الترجمات و/او الاصلية المتوسطة للنص ger
042 ## - رمز التحقق
رمز التحقق pcc
050 00 - رقم طلب مكتبة الكونجرس
رقم التصنيف RM666.H33
رقم المادة W4443 2000
060 10 - رقم الطلب بالمكتبة الطبية الوطنية
رقم التصنيف WB 925
رقم المادة W432L 2000a
082 00 - رقم تصنيف ديوى العشرى
رقم التصنيف 615.321
رقم الطبعة 21
100 1# - المدخل الرئيسى - إسم شخصى
الإسم الشخصى Weiss, R. F.
الشكل الأكمل للاسم (Rudolf Fritz)
9 (RLIN) 11475
240 10 - العنوان الموحد
عنوان موحد <a href="Lehrbuch der Phytotherapie.">Lehrbuch der Phytotherapie.</a>
لغة العمل English
245 10 - بيان العنوان
العنوان Herbal medicine /
بيان المسئوليه,etc Rudolf Fritz Weiss, Volker Fintelmann.
250 ## - بيان الطبعة
بيان الطبعة 2nd ed., rev. and expanded.
260 ## - PUBLICATION, DISTRIBUTION, ETC. (IMPRINT)
مكان الناشر او الموزع Stuttgart ;
-- New York :
اسم الناشر او الموزع Thieme,
تاريخ النشر أو التوزيع 2000.
300 ## - الوصف المادى
التعداد x, 438 p. :
تفاصيل ماديه اخرى للوعاء ill. (chiefly col.) ;
أبعاد الوعاء 25 cm.
500 ## - تبصرة عامة
تبصرة عامة "Translation of the 9th German edition published and copyrighted 1999"--T.p. verso.
504 ## - تبصرة ببليوجرافية
تبصرة ببليوجرافية,الخ Includes bibliographical references and index.
650 #0 - المدخل الاضافى بالموضوع-مصطلح موضوعى
مصطلح موضوعي أو اسم جغرافي كعنصر مدخل Herbs
التقسيم الفرعي العام Therapeutic use
التقسيم الفرعي الشكلي Handbooks, manuals, etc.
9 (RLIN) 11405
650 #0 - المدخل الاضافى بالموضوع-مصطلح موضوعى
مصطلح موضوعي أو اسم جغرافي كعنصر مدخل Traditional medicine
التقسيم الفرعي الشكلي Handbooks, manuals, etc.
9 (RLIN) 11476
650 12 - المدخل الاضافى بالموضوع-مصطلح موضوعى
مصطلح موضوعي أو اسم جغرافي كعنصر مدخل Medicine, Herbal.
9 (RLIN) 11477
650 22 - المدخل الاضافى بالموضوع-مصطلح موضوعى
مصطلح موضوعي أو اسم جغرافي كعنصر مدخل Plants, Medicinal.
700 1# - المدخل الاضافى - اسم شخصى
الإسم الشخصى Fintelmann, Volker,
التواريخ المصاحبة للاسم 1935-
9 (RLIN) 11478
942 ## - عناصر المدخل الإضافي( كوها)
مصدر التصنيف او مخطط الترفيف Dewey Decimal Classification
Koha [default] item type كتاب
المقتنيات
حالة الفقد نموذج السعر الفعال حالة تلف ليس للاعارة رقم الطلب تاريخ الاكتساب الموقع الحالي الباركود الفرع الرئيسي Date last seen نوع المادة فى نظام كوها مصدر التصنيف او خطة الترفيف Total Checkouts
  2013-03-10     615.321 W R H 2012-04-19 مكتبة كلية العلوم الطبية التطبيقية بالمجمعة - طالبات (AMF) 00076503 مكتبة كلية العلوم الطبية التطبيقية بالمجمعة - طالبات (AMF) 2013-03-10 كتاب Dewey Decimal Classification  
  2013-03-10     615.321 W R H 2012-04-19 مكتبة كلية العلوم الطبية التطبيقية بالمجمعة - طالبات (AMF) 00076502 مكتبة كلية العلوم الطبية التطبيقية بالمجمعة - طالبات (AMF) 2013-03-10 كتاب Dewey Decimal Classification  
  2013-03-10     615.321 W R H 2012-04-19 مكتبة كلية العلوم الطبية التطبيقية بالمجمعة - طالبات (AMF) 00076501 مكتبة كلية العلوم الطبية التطبيقية بالمجمعة - طالبات (AMF) 2013-03-10 كتاب Dewey Decimal Classification  
  2013-03-10     615.321 W R H 2012-04-19 مكتبة كلية العلوم الطبية التطبيقية بالمجمعة - طالبات (AMF) 00076495 مكتبة كلية العلوم الطبية التطبيقية بالمجمعة - طالبات (AMF) 2013-03-10 كتاب Dewey Decimal Classification